00581nam a2200193Ia 450000500170000000800410001702000290005804000240008704100100011108200210012124500450014226000350018730000200022263000420024265000190028465100480030370000260035185000100037720181003120035.0131103s9999 xx 000 0 und d a9788188904204cRs.200.00 aLoreto CollegebEng aHindi a891.431bMAH-ARB aMahadevi VarmacEdited by A.Arbindakshan aKolkatabAnand Prakashanc2009 a136 p. b24 cm. aMahadevi-Criticism and interpretation aVarma,Mahadevi aHindi poetry - Criticism and interpretation aArbindakshan, A., ed. aLCLIB